| 000 | 00742nam a2200205 a 4500 | ||
|---|---|---|---|
| 001 | 000044744 | ||
| 005 | 20201002045608.0 | ||
| 008 | 150108s2014 dr a 001 0 spa d | ||
| 020 | _a9789945893502 | ||
| 040 |
_aDO-SdBNP _bspa _cBNPHU |
||
| 082 |
_axxxxxx _bxxxxxx |
||
| 100 | 1 |
_aContreras Peña, Luis E. _972747 |
|
| 245 | 1 | 0 |
_aIntroducción a la arquitectura y términos navales / _cLuis E. Contreras Peña ; prólogo Sigfrido Aramis Pared Pérez. |
| 260 |
_aSanto Domingo : _bDurandarte, _c2014. |
||
| 300 |
_av. : _bil. ; _c24 cm. |
||
| 490 | 1 | _aLiga Naval Dominicana | |
| 500 | _aIncluye datos biográficos del autor en las solapas | ||
| 700 | 1 |
_aPared Pérez, Sigfrido Aramis, _epról. _972748 |
|
| 830 | 0 |
_aLiga Naval Dominicana _972749 |
|
| 999 |
_c44233 _d44233 |
||